000 01039nac a22002531u 4500
010 _a 00038505
020 _a8178083272
035 _a(DNLM)100941291
082 0 0 _a610/.28
_bC3111
090 _c104
_d104
100 _aCarr, Joseph J.
245 1 0 _aIntroduction to biomedical equipment technology /
_cJoseph J. Carr, John M. Brown.
250 _a4th ed.
260 _aUpper Saddle River, N.J. :
_bPrentice Hall,
_cc2001.
300 _axv, 743 p. :
_bill. ;
_c25 cm.
650 0 _aMedical instruments and apparatus.
650 0 _aEquipment and Supplies.
650 0 _aBiomedical Engineering
_xinstrumentation.
650 0 _aElectronics, Medical
_xinstrumentation.
700 1 _aBrown, John M.
_d1944-
942 _cBB
_k610.28C3111
999 _c104
_d104